Nomination of Elaine C. Duke : hearing before the Committee on Homeland Security and Governmental Affairs, United States Senate, One Hundred Tenth Congress, second session on, the nomination of Elaine C. Duke to be Under Secretary for Management, Department of Homeland Security, June 20, 2008.

Bibliographic Details
Corporate Author: United States. Congress. Senate. Committee on Homeland Security and Governmental Affairs
Format: Government Document eBook
Language:English
Published: Washington : U.S. G.P.O., 2009.
Series:S. hrg. ; 110-946
Subjects:
Online Access:Electronic resource (PDF)

MARC

Tag First Indicator Second Indicator Subfields
LEADER 00000cam a22000001a 4500
001 in00004100400
005 20200117091300.0
006 m d f
007 cr bn mmmapmmp
008 100426s2009 dcu o f000 0 eng d
035 |a chdc201001321 
040 |a UMI  |c UMI  |d UtOrBLW 
042 |a pcc 
043 |a n-us--- 
074 |a 1037-B 
086 0 |a Y 4.G 74/9:S.HRG.110-946 
110 1 |a United States.  |b Congress.  |b Senate.  |b Committee on Homeland Security and Governmental Affairs.  |0 http://id.loc.gov/authorities/names/no2005015918 
245 1 0 |a Nomination of Elaine C. Duke :  |b hearing before the Committee on Homeland Security and Governmental Affairs, United States Senate, One Hundred Tenth Congress, second session on, the nomination of Elaine C. Duke to be Under Secretary for Management, Department of Homeland Security, June 20, 2008. 
264 1 |a Washington :  |b U.S. G.P.O.,  |c 2009. 
264 2 |a Washington :  |b For sale by the Supt. of Docs., U.S. G.P.O. 
300 |a iii, 87 pages, digital, PDF file. 
336 |a text  |b txt  |2 rdacontent 
337 |a computer  |b c  |2 rdamedia 
338 |a online resource  |b cr  |2 rdacarrier 
490 1 |a S. hrg. ;  |v 110-946 
500 |a Shipping list number: 2010-0092-P. 
500 |a Record is based on bibliographic data in ProQuest Congressional Hearings Digital Collection. Reuse except for individual research requires license from ProQuest, LLC. 
500 |a Electronic resource. 
533 |a Electronic reproduction.  |b [Bethesda, Md.] :  |c ProQuest,  |d 2010.  |e digital, PDF file.  |n ProQuest U.S. Congressional Hearings Digital Collection.  |n Mode of access: World Wide Web via ProQuest website. 
538 |a System requirements: PDF reader software. 
600 1 0 |a Duke, Elaine Costanzo,  |d 1958-  |0 http://id.loc.gov/authorities/names/no2010014460 
610 1 0 |a United States.  |b Department of Homeland Security.  |b Directorate for Management  |x Officials and employees  |x Selection and appointment. 
776 0 8 |i Print version:   |a United States. Congress. Senate. Committee on Homeland Security and Governmental Affairs.  |t Nomination of Elaine C. Duke  |w 9780160849107  |w 0160849101  |w (OCoLC)ocn502141467  |z 2009526520 
776 0 8 |i Microfiche version:   |a United States. Congress. Senate. Committee on Homeland Security and Governmental Affairs.  |t Nomination of Elaine C. Duke  |d [Bethesda, Md.] : ProQuest,[2010]  |o CIS 2010 S481-19  |w (ProQuest)cis01003284  
810 1 |a United States.  |b Congress.  |b Senate.  |t S. hrg. ;  |v 110-946.  |0 http://id.loc.gov/authorities/names/n83707917 
856 4 0 |u http://proxy.library.tamu.edu/login?url=http://search.proquest.com/congcomp/getdoc?HEARING-ID=HRG-2008-HSG-0044  |y Electronic resource (PDF)  |t 0 
998 |a cis01003284  
999 f f |s eef2da42-1c58-34bf-ae16-6831167dda7b  |i 44ab687e-5880-3bcb-b89d-6737262bd773  |t 0 
952 f f |a Texas A&M University  |b College Station  |c Electronic Resources  |d Available Online  |t 0  |e Y 4.G 74/9:S.HRG.110-946  |h Superintendent of Documents classification 
998 f f |a Y 4.G 74/9:S.HRG.110-946  |t 0  |l Available Online